[Event "Natal Potiguar-ch"]
[Site "Natal"]
[Date "2017.01.18"]
[Round "11"]
[White "Viana, Helio Fernandes"]
[Black "Frankental, David"]
[Result "1-0"]
[WhiteElo "1881"]
[BlackElo "1782"]
[PlyCount "78"]
[EventDate "2017.01.10"]
[EventType "tourn"]
[EventRounds "11"]
[EventCountry "BRA"]
[SourceTitle "CBM 176 Extra"]
[Source "ChessBase"]
[SourceDate "2017.03.02"]
[SourceVersion "1"]
[SourceVersionDate "2017.03.02"]
[SourceQuality "1"]

1. e4 c5 2. Nf3 Nc6 3. c3 d5 4. Bb5 dxe4 5. Bxc6+ bxc6 6. Ng1 Nf6 7. Ne2 Bg4 8. 0-0 e5 9. h3 Bxe2 10. Qxe2 Qd3 11. Qd1 Be7 12. Qa4 Qb5 13. Qc2 0-0 14. Na3 Qd3 15. Qa4 Rfc8 16. Nc4 Nd7 17. Re1 f5 18. Ne3 g6 19. Qb3+ Kf8 20. Nf1 c4 21. Qd1 Bg5 22. b3 Nb6 23. Ba3+ Kg7 24. Ne3 cxb3 25. axb3 Rd8 26. Ra2 Nd5 27. Qc1 f4 28. Nc4 e3 29. fxe3 fxe3 30. Nxe3 Bxe3+ 31. dxe3 Nxc3 32. Rc2 Nb5 33. Bb2 Rd5 34. e4 Rd4 35. Rce2 Rc8 36. Qc5 Re8 37. Re3 Qd2 38. R1e2 Qb4 39. Qxc6 Rdd8 1-0

[Event "Natal Potiguar-ch"]
[Site "Natal"]
[Date "2017.01.17"]
[Round "10"]
[White "De Menezes, Ricardo Fagner Dias"]
[Black "Viana, Helio Fernandes"]
[Result "0-1"]
[WhiteElo "1636"]
[BlackElo "1881"]
[PlyCount "102"]
[EventDate "2017.01.10"]
[EventType "tourn"]
[EventRounds "11"]
[EventCountry "BRA"]
[SourceTitle "CBM 176 Extra"]
[Source "ChessBase"]
[SourceDate "2017.03.02"]
[SourceVersion "1"]
[SourceVersionDate "2017.03.02"]
[SourceQuality "1"]

1. Nf3 Nf6 2. g3 d5 3. d3 Bg4 4. Bg2 Nbd7 5. 0-0 e5 6. h3 Bh5 7. Nh2 Bc5 8. c3 Bb6 9. Re1 0-0 10. Qc2 Bg6 11. Nd2 c6 12. e4 Nh5 13. Ndf1 dxe4 14. dxe4 Nc5 15. Be3 Nf6 16. Nd2 Nd5 17. Bxc5 Bxc5 18. Nb3 Bb6 19. Rad1 Qe7 20. a3 Nf6 21. Nd2 a6 22. b4 Nh5 23. Nc4 Ba7 24. Ne3 Rad8 25. Qe2 h6 26. Qg4 Nf6 27. Nf5 Bxf2+ 28. Kh1 Bxf5 29. Qxf5 Bxe1 30. Rxe1 Rd3 31. g4 g6 32. Qf2 Rfd8 33. Rf1 Kg7 34. Bf3 Rxc3 35. h4 g5 36. hxg5 hxg5 37. Bg2 Qe6 38. Qb6 Rh8 39. Kg1 Rc2 40. Rf5 Rc1+ 41. Nf1 Kg6 42. Qe3 Rxf1+ 43. Bxf1 Nh7 44. Qh3 f6 45. Qh5+ Kg7 46. Qh2 Nf8 47. Qc2 Qd6 48. Rf2 Ne6 49. Bc4 Nd4 50. Qa2 Rh4 51. Bg8 Qd7 0-1

[Event "Natal Potiguar-ch"]
[Site "Natal"]
[Date "2017.01.14"]
[Round "6"]
[White "Viana, Helio Fernandes"]
[Black "Macedo, Maximo Iack Miranda"]
[Result "0-1"]
[WhiteElo "1881"]
[BlackElo "2352"]
[PlyCount "75"]
[EventDate "2017.01.10"]
[EventType "tourn"]
[EventRounds "11"]
[EventCountry "BRA"]
[SourceTitle "CBM 176 Extra"]
[Source "ChessBase"]
[SourceDate "2017.03.02"]
[SourceVersion "1"]
[SourceVersionDate "2017.03.02"]
[SourceQuality "1"]

1. e4 e5 2. Nf3 Nc6 3. Bc4 Nf6 4. d3 Bc5 5. h3 a6 6. a3 d6 7. 0-0 0-0 8. Nc3 Be6 9. Nd5 Bxd5 10. exd5 Ne7 11. Bg5 Ng6 12. d4 exd4 13. Bd3 h6 14. Bxf6 Qxf6 15. g3 Ne7 16. Nd2 Nxd5 17. Ne4 Qd8 18. g4 Nf4 19. Qf3 Nxd3 20. cxd3 Bb6 21. g5 hxg5 22. Qh5 f6 23. f4 Qe8 24. Qf3 d5 25. Nf2 gxf4 26. Qxd5+ Qf7 27. Qxb7 f5 28. Kh1 Rfd8 29. Rg1 Qd5+ 30. Qxd5+ Rxd5 31. Rg5 c6 32. Rag1 Ra7 33. Kg2 Bd8 34. Rg6 Bf6 35. Kf3 Kf7 36. h4 Re7 37. h5 Re3+ 38. Kxf4 0-1

[Event "Natal Potiguar op 10th"]
[Site "Natal"]
[Date "2015.07.04"]
[Round "3"]
[White "Gomes, Jose Murilo"]
[Black "Viana, Helio Fernandes"]
[Result "1/2-1/2"]
[WhiteElo "1885"]
[BlackElo "1816"]
[PlyCount "81"]
[EventDate "2015.07.03"]
[EventType "swiss"]
[EventRounds "6"]
[EventCountry "BRA"]
[SourceTitle "CBM 167 Extra"]
[Source "ChessBase"]
[SourceDate "2015.09.14"]
[SourceVersion "1"]
[SourceVersionDate "2015.09.14"]
[SourceQuality "1"]

1. e4 c5 2. Nf3 d6 3. d4 cxd4 4. Qxd4 Nc6 5. Bb5 Bd7 6. Bxc6 Bxc6 7. Nc3 e6 8. Bg5 Qc7 9. 0-0-0 f6 10. Bh4 e5 11. Qd3 a6 12. Nd2 0-0-0 13. Nc4 Kb8 14. f3 Ne7 15. Bf2 Nc8 16. Nd5 Bxd5 17. Qxd5 b5 18. Na3 Ne7 19. Qb3 Rd7 20. Nxb5 axb5 21. Qxb5+ Qb7 22. Qa4 Qc6 23. Qb4+ Kc8 24. Rd3 Qb7 25. Qc4+ Nc6 26. Rc3 Rc7 27. Rb3 Nd4 28. Qxd4 exd4 29. Rxb7 Kxb7 30. Rd1 d5 31. exd5 Bc5 32. Bxd4 Rd8 33. c4 Bd6 34. b3 Bxh2 35. Kd2 Re7 36. Kd3 Bd6 37. b4 Ra8 38. c5 Ra3+ 39. Kc4 Bf4 40. b5 Re2 41. d6 1/2-1/2